| 000 -LEADER |
| fixed length control field |
00488nam a22001337a 4500 |
| 008 - FIXED-LENGTH DATA ELEMENTS--GENERAL INFORMATION |
| fixed length control field |
240328b ||||| |||| 00| 0 eng d |
| 100 ## - MAIN ENTRY--PERSONAL NAME |
| Personal name |
Farhat, Saima ,Javed, Mohd and Eram,Uzma |
| 245 ## - TITLE STATEMENT |
| Title |
India’s recent merchandise trade potential with respect to united Arab Emirate |
| 260 ## - PUBLICATION, DISTRIBUTION, ETC. (IMPRINT) |
| Place of publication, distribution, etc |
Indian Journal of Public Administration |
| 300 ## - PHYSICAL DESCRIPTION |
| Extent |
70(1), Mar, 2024: p.191-195 |
| 773 ## - HOST ITEM ENTRY |
| Main entry heading |
Indian Journal of Public Administration |
| 906 ## - LOCAL DATA ELEMENT F, LDF (RLIN) |
| Subject DIP |
INTERNATIONAL TRADE |
| 942 ## - ADDED ENTRY ELEMENTS (KOHA) |
| Item type |
Articles |